<?xml version="1.0" encoding="UTF-8"?><?xml-stylesheet type="text/xsl" href="static/style.xsl"?><OAI-PMH xmlns="http://www.openarchives.org/OAI/2.0/" xmlns:xsi="http://www.w3.org/2001/XMLSchema-instance" xsi:schemaLocation="http://www.openarchives.org/OAI/2.0/ http://www.openarchives.org/OAI/2.0/OAI-PMH.xsd"><responseDate>2026-06-03T22:43:39Z</responseDate><request verb="GetRecord" identifier="oai:riuma.uma.es:10630/31080" metadataPrefix="marc">https://riuma.uma.es/rest/oai/request</request><GetRecord><record><header><identifier>oai:riuma.uma.es:10630/31080</identifier><datestamp>2026-02-03T11:05:06Z</datestamp><setSpec>com_10630_2254</setSpec><setSpec>col_10630_37953</setSpec></header><metadata><record xmlns="http://www.loc.gov/MARC21/slim" xmlns:dcterms="http://purl.org/dc/terms/" xmlns:doc="http://www.lyncode.com/xoai" xmlns:xsi="http://www.w3.org/2001/XMLSchema-instance" xsi:schemaLocation="http://www.loc.gov/MARC21/slim http://www.loc.gov/standards/marcxml/schema/MARC21slim.xsd">
   <leader>00925njm 22002777a 4500</leader>
   <datafield ind2=" " ind1=" " tag="042">
      <subfield code="a">dc</subfield>
   </datafield>
   <datafield ind2=" " ind1=" " tag="720">
      <subfield code="a">Espada Sandi, Ana Rosario</subfield>
      <subfield code="e">author</subfield>
   </datafield>
   <datafield ind2=" " ind1=" " tag="720">
      <subfield code="a">Gallardo-Melgarejo, María del Mar</subfield>
      <subfield code="e">author</subfield>
   </datafield>
   <datafield ind2=" " ind1=" " tag="720">
      <subfield code="a">Salmerón, Alberto</subfield>
      <subfield code="e">author</subfield>
   </datafield>
   <datafield ind2=" " ind1=" " tag="720">
      <subfield code="a">Panizo-Jaime, Laura</subfield>
      <subfield code="e">author</subfield>
   </datafield>
   <datafield ind2=" " ind1=" " tag="720">
      <subfield code="a">Merino-Gómez, Pedro</subfield>
      <subfield code="e">author</subfield>
   </datafield>
   <datafield ind2=" " ind1=" " tag="260">
      <subfield code="c">2019-06-14</subfield>
   </datafield>
   <datafield ind2=" " ind1=" " tag="520">
      <subfield code="a">This  paper presents  an  integrated  approach  for  testing  mobile  applications  (apps)  against  a set  of  extra-functional  properties  to  be  used  by  app  developers.  The  approach  starts  with  the  (manual  or  automatic)extraction of the interaction model, that is, a formal model of the potential user interactions with the app.The model is constructed to allow a model checking tool to exhaustively extract the so-called app user flows, that  is,  the  sequences  of  user  actions,  that  constitute  the  test  cases.  In  the  final  step,  the  app  user  flows are executed on the app running on real devices. The resulting execution traces are enriched with different measures and verified against a set of extra-functional properties of interest. The approach has been adapted to analyse several applications running at the same time with several devices supporting the applications.This paper presents the definition and formalization of both the modelling language for the interaction model and the specification language to represent the extra-functional properties. It also describes a methodology for automatically extracting the model. Finally, it presents an implementation focused on Android apps, which is integrated in the TRIANGLE testing framework, and the evaluation of the approach.</subfield>
   </datafield>
   <datafield ind1="8" ind2=" " tag="024">
      <subfield code="a">Rosario Espada A, del Mar Gallardo M, Salmerón A, Panizo L, Merino P. A formal approach to automatically analyse extra-functional properties in mobile applications. Softw Test Verif Reliab. 2019; 29:e1699. https://doi.org/10.1002/stvr.1699</subfield>
   </datafield>
   <datafield ind1="8" ind2=" " tag="024">
      <subfield code="a">https://hdl.handle.net/10630/31080</subfield>
   </datafield>
   <datafield ind1="8" ind2=" " tag="024">
      <subfield code="a">10.1002/stvr.1699</subfield>
   </datafield>
   <datafield tag="653" ind2=" " ind1=" ">
      <subfield code="a">Programas de aplicación - Desarrollo</subfield>
   </datafield>
   <datafield tag="653" ind2=" " ind1=" ">
      <subfield code="a">Soporte lógico - Verificación</subfield>
   </datafield>
   <datafield ind2="0" ind1="0" tag="245">
      <subfield code="a">A formal approach to automatically analyse extra-functionalproperties in mobile applications.</subfield>
   </datafield>
</record>
</metadata></record></GetRecord></OAI-PMH>